NEITHER NIGHT NOR DAY 13 STORIES BY WOME (Record no. 18645)
[ view plain ]
| 000 -LEADER | |
|---|---|
| fixed length control field | 00354nam a2200133Ia 4500 |
| 008 - FIXED-LENGTH DATA ELEMENTS--GENERAL INFORMATION | |
| fixed length control field | 240624s9999 xx 000 0 und d |
| 041 ## - LANGUAGE CODE | |
| Language code of text/sound track or separate title | eng |
| 082 ## - DEWEY DECIMAL CLASSIFICATION NUMBER | |
| Classification number | 823 JAL |
| 100 ## - MAIN ENTRY--PERSONAL NAME | |
| Personal name | JALIL RAKHSHANDA |
| 245 ## - TITLE STATEMENT | |
| Title | NEITHER NIGHT NOR DAY 13 STORIES BY WOME |
| 260 ## - PUBLICATION, DISTRIBUTION, ETC. | |
| Date of publication, distribution, etc. | 2007 |
| Place of publication, distribution, etc. | New Delhi |
| Name of publisher, distributor, etc. | HarperCollins |
| 300 ## - PHYSICAL DESCRIPTION | |
| Extent | xv, : 191 : p. : cm. ; 20 |
| 365 ## - TRADE PRICE | |
| Currency code | RS |
| Price amount | 25 |
| Withdrawn status | Lost status | Damaged status | Not for loan | Home library | Current library | Shelving location | Date acquired | Source of acquisition | Cost, normal purchase price | Total Checkouts | Full call number | Barcode | Date last seen | Date last checked out | Copy number | Price effective from | Koha item type |
|---|---|---|---|---|---|---|---|---|---|---|---|---|---|---|---|---|---|
| IMTN | IMTN | Rack 40-B | 05/02/2012 | IBH | 250.00 | 4 | 823 JAL | 18645 | 07/12/2025 | 07/04/2025 | 1 | 06/24/2024 | Books |